书目信息 |
| 题名: |
保密知识读本
|
|
| 作者: | ;国家保密局 主编 | |
| 分册: | ||
| 出版信息: | 北京 金城出版社 1999 |
|
| 页数: | 294页 | |
| 开本: | 20cm | |
| 丛书名: | ||
| 单 册: | ||
| 中图分类: | D630.1 | |
| 科图分类: | ||
| 主题词: | 保守国家机密--基本知识 | |
| 电子资源: | ||
| ISBN: | 7-80084-264-9 | |
| 000 | 00560nam0 2200193 450 | |
| 001 | 0732226357 | |
| 005 | 20070710085636.32 | |
| 010 | @a7-80084-264-9@dCNY15.00 | |
| 100 | @a20070708d1999 km y0chiy0120 ea | |
| 101 | 0 | @achi |
| 102 | @aCN | |
| 200 | 1 | @a保密知识读本@Abao mi zhi shi du ben@f国家保密局主编@Fguo jia bao mi ju zhu bian |
| 210 | @a北京@c金城出版社@d1999 | |
| 215 | @a294页@d20cm | |
| 606 | 0 | @a保守国家机密@x基本知识 |
| 690 | @aD630.1@v3 | |
| 711 | 02 | @a国家保密局@Aguo jia bao mi ju@4主编 |
| 801 | 0 | @aCN@bPFT@c20070710 |
| 905 | @a10447@dD630.1@e100 | |
| 保密知识读本/国家保密局主编.-北京:金城出版社,1999 |
| 294页;20cm |
| ISBN 7-80084-264-9:CNY15.00 |
| ● |
| 相关链接 |
|
|
|
|
正题名:保密知识读本
索取号:D630.1/100
 
预约/预借
| 序号 | 登录号 | 条形码 | 馆藏地/架位号 | 状态 | 备注 |
| 1 | 0765851 | 207658514 | 第一样本阅览室/ [索取号:D630.1/100] | 在馆 |